[Event "Titled Tuesday intern op 23rd Apr Late"]
[Site "Chess.com INT"]
[Date "2024.04.23"]
[Round "4"]
[White "Dardha, Daniel"]
[Black "Ankerst, Mihael"]
[Result "1-0"]
[WhiteElo "2630"]
[BlackElo "2361"]
[PlyCount "75"]
[EventDate "2024.04.23"]
[EventType "swiss (blitz)"]
[EventRounds "11"]
[EventCountry "USA"]
[SourceTitle "CB18_2024"]
[SourceDate "2024.05.01"]
[SourceVersion "1"]
[SourceVersionDate "2024.05.01"]
[SourceQuality "2"]

1. d4 Nf6 2. Bg5 g6 3. Bxf6 exf6 4. e3 d6 5. c4 Nd7 6. Nc3 a6 7. g3 Rb8 8. Bg2 h5 9. h4 Bh6 10. Nge2 0-0 11. 0-0 b5 12. cxb5 axb5 13. b4 c5 14. a3 Bb7 15. Bxb7 Rxb7 16. Nd5 Nb6 17. Nec3 Bg7 18. dxc5 dxc5 19. bxc5 Nc4 20. c6 Ra7 21. c7 Qa8 22. Ne7+ Kh7 23. c8R Rxc8 24. Nxc8 Qxc8 25. Nxb5 Ra5 26. Nd6 Nxd6 27. Qxd6 Qa8 28. Rfc1 f5 29. Ra2 Bf8 30. Qc6 Qd8 31. a4 Kg8 32. Rb1 Qd3 33. Qc2 Qd7 34. Rb8 Rd5 35. Qc8 Rd1+ 36. Kh2 Qd6 37. a5 Kg7 38. a6 1-0

[Event "Titled Tuesday intern op 23rd Apr Late"]
[Site "Chess.com INT"]
[Date "2024.04.23"]
[Round "1"]
[White "Dardha, Daniel"]
[Black "Marchesich, Giovanni"]
[Result "1-0"]
[WhiteElo "2630"]
[BlackElo "2226"]
[PlyCount "40"]
[EventDate "2024.04.23"]
[EventType "swiss (blitz)"]
[EventRounds "11"]
[EventCountry "USA"]
[SourceTitle "CB18_2024"]
[SourceDate "2024.05.01"]
[SourceVersion "1"]
[SourceVersionDate "2024.05.01"]
[SourceQuality "2"]

1. d4 Nf6 2. Bg5 e6 3. e4 h6 4. Bxf6 Qxf6 5. e5 Qd8 6. Qg4 c5 7. dxc5 Nc6 8. Nf3 Qa5+ 9. Nc3 Qxc5 10. Qg3 d6 11. Bb5 Bd7 12. 0-0-0 Nxe5 13. Bxd7+ Nxd7 14. Ne4 Qc6 15. Nxd6+ Bxd6 16. Rxd6 Qc7 17. Rxe6+ Kd8 18. Rd6 Kc8 19. Rhd1 Rd8 20. Ne5 Qxc2+ 1-0

[Event "Wch Rapid"]
[Site "Samarkand"]
[Date "2023.12.28"]
[Round "10"]
[White "Giri, Anish"]
[Black "Dardha, Daniel"]
[Result "1-0"]
[WhiteElo "2754"]
[BlackElo "2598"]
[PlyCount "51"]
[EventDate "2023.12.26"]
[EventType "swiss (rapid)"]
[EventRounds "13"]
[EventCountry "UZB"]
[SourceTitle "CB01_2024"]
[SourceDate "2024.01.03"]
[SourceVersion "1"]
[SourceVersionDate "2024.01.03"]
[SourceQuality "1"]

1. e4 e5 2. Nf3 Nc6 3. Bb5 Nf6 4. d3 Bc5 5. Bxc6 dxc6 6. 0-0 Nd7 7. Nc3 0-0 8. Be3 Bd6 9. Nd2 c5 10. Nc4 Nb6 11. Nxd6 cxd6 12. f4 exf4 13. Rxf4 Be6 14. Qh5 g6 15. Qh6 Qe7 16. e5 dxe5 17. Ne4 f5 18. Bxc5 Qg7 19. Qxg7+ Kxg7 20. Bxf8+ Kxf8 21. Rf2 Nd7 22. g4 f4 23. d4 h6 24. dxe5 g5 25. h4 Bd5 26. hxg5 1-0